000 00627nam a2200205 a 4500
001 17771
003 CO-ViMGA
008 141112s2004 ck r 000 u spa d
020 _a9706078010
040 _aCO-ViMGA
_bspa
_cCO-ViMGA
082 0 4 _aR928 A516d
100 1 _aAlboukrek, Aarón; Herrera, Ester
_925204
245 1 0 _aDiccionario de escritores hispanoAméricanos del siglo XVII al siglo XX
260 _aMexico,
_cLarousse,
_c2000
300 _a356.p.
590 _aForma de adquisición : Premio - Mincultura
650 1 4 _aAUTORES HISPANOAméricaNOS
650 1 4 _aBIOGRAFIAS - DICCIONARIOS
_94754
942 _2ddc
_cBK
999 _c27244
_d27244